| 000 | 00635nam a2200205 ar4500 | ||
|---|---|---|---|
| 001 | 3680 | ||
| 005 | 20221127090806.0 | ||
| 008 | s xxk a 00110|ara d | ||
| 020 |
_a9781408269541 : _cSR150.00 |
||
| 082 | 0 | 4 |
_a301 _bSo13 2013 |
| 245 | 0 | 0 |
_aSociology : _bmaking sense of society / _cedited by Samantha Punch ... [et al.]. |
| 250 | _a5th ed. | ||
| 260 |
_aHarlow : _bPearson, _c2013. |
||
| 300 |
_axxiv, 864 p. : _bill.(chiefly col.) ; _c27 cm. |
||
| 500 | _aPrev. ed.: 2009. | ||
| 504 | _aIncludes bibl. references and index. | ||
| 650 | 4 | _aSociology. | |
| 650 | 4 | _aSocial sciences. | |
| 700 | 0 |
_aPunch, Samantha, _eeditor. |
|
| 999 |
_c3678 _d3678 |
||